00452nam a2200157 a 4500008004100000020001500041050001900056100001800075245005800093250001200151260004100163300002200204350000900226650004100235650001800276120416s1978 ||||||||||||||||| || u a0030899621 aBF 637.C45 KNA aKnapp, Mark L10aNonverbal communication in human interaction. 2nd ed. a2nd ed. aNew YorkbRinehart and Winstonc1978 avii, 439p. : ill. a0.00 aNONVERBAL COMMUNICATION (PSYCHOLOGY) aCOMMUNICATION